| 000 | 00590nam a22001577a 4500 | ||
|---|---|---|---|
| 003 | NUST | ||
| 082 | _a670 | ||
| 100 |
_aZahid ,Hafiz Asad _9122363 |
||
| 245 |
_aIMPROVEMENT IN COOLING SYSTEM FOR VEHICLE MOUNTED AND PORTABLE LOCATOR FOR GREATER OPERATIONAL EFFICIENCY / _cHafiz Asad Zahid |
||
| 264 |
_aIslamabad: _bSMME- NUST. _c2021. |
||
| 300 |
_a74p. ; _bSoft Copy, _c30cm. |
||
| 650 |
_aMS Design and Manufacturing Engineering _9119567 |
||
| 700 |
_aSupervisor : Dr. Hussain Imran _9119885 |
||
| 856 | _uhttp://10.250.8.41:8080/xmlui/handle/123456789/25283 | ||
| 942 |
_2ddc _cTHE |
||
| 999 |
_c608858 _d608858 |
||